The 100 most expensive transfers in football history - Statistics

General Stats
  • This quiz has been taken 322 times
    258 since last reset
  • The average score is 40 of 100
Answer Stats
Number Player Transfer fee Moving From Moving To % Correct
4 Cristiano Ronaldo 117M Real Madrid Juventus
95%
8 Cristiano Ronaldo 94M Manchester United Real Madrid
95%
6 Paul Pogba 105M Juventus Manchester United
94%
59 Ronaldo 45M Internazionale Milano Real Madrid
94%
7 Gareth Bale 101M Tottenham Real Madrid
93%
1 Neymar 222M Barcelona PSG
93%
10 Neymar 88.2M Santos Barcelona
93%
9 Gonzalo Higuain 90M Napoli Juventus
80%
12 Luis Suarez 81.7M Liverpool Barcelona
78%
15 Kevin De Bruyne 76M Wolfsburg Manchester City
77%
11 Romelu Lukaku 85M Everton Manchester United
77%
17 Angel Di Maria 75M Real Madrid Manchester United
72%
28 Angel Di Maria 63M Manchester United PSG
72%
32 Luis Figo 60M Barcelona Real Madrid
66%
14 Zinedine Zidane 77.5M Juventus Real Madrid
66%
19 Zlatan Ibrahimovic 69.5M Internazionale Milano Barcelona
66%
46 Bernardo Silva 50M AS Monaco Manchester City
64%
73 Thiago Silva 42M AC Milan PSG
64%
41 Gianluigi Buffon 52.9M Parma Juventus
63%
25 Edinson Cavani 64.5M Napoli PSG
62%
24 Kaka 65M AC Milan Real Madrid
62%
30 Oscar 60M Chelsea Shanghai SIPG
62%
27 Raheem Sterling 63.7M Liverpool Manchester City
62%
38 Hulk 55.8M Zenit Shanghai SIPG
60%
94 Hulk 40M Porto Zenit
60%
34 Fernando Torres 58.5M Liverpool Chelsea
58%
42 Kyle Walker 52.7M Tottenham Manchester City
54%
40 Alexandre Lacazette 53M Lyon Arsenal
53%
51 Mesut Ozil 47M Real Madrid Arsenal
53%
70 Mohamed Salah 42M AS Roma Liverpool
52%
65 Radamel Falcao 43M Atletico Madrid AS Monaco
52%
100 Radamel Falcao 40M Porto Atletico Madrid
52%
48 David Luiz 49.5M Chelsea PSG
49%
43 Leroy Sané 52.5M Schalke 04 Manchester City
48%
80 Roberto Firmino 41M Hoffenheim Liverpool
48%
3 Phillipe Coutinho 125M Liverpool Barcelona
47%
78 Sadio Mané 41.2M Southampton Liverpool
46%
22 Alvaro Morata 66M Real Madrid Chelsea
45%
31 Anthony Martial 60M AS Monaco Manchester United
43%
35 Benjamin Mendy 57.5M AS Monaco Manchester City
43%
54 Rio Ferdinand 46M Leeds United Manchester United
42%
72 Jackson Martinez 42M Atletico Madrid Guangzhou Evergrande
41%
96 Javi Martinez 40M Atletic Bilbao Bayern Munich
41%
60 Juan Mata 44.7M Chelsea Manchester United
41%
68 Alexis Sanchez 42.5M Barcelona Arsenal
40%
89 Davinson Sanchez 40M Ajax Tottenham
40%
44 Paulinho 50M Barcelona Guangzhou Evergrande
40%
88 Paulinho 40M Guangzhou Evergrande Barcelona
40%
93 Fernandinho 40M Shakhtar Donetsk Manchester City
38%
16 James Rodriguez 75M AS Monaco Real Madrid
38%
58 James Rodriguez 45M Porto AS Monaco
38%
64 Julian Draxler 43M Schalke Wolfsburg
38%
91 Julien Draxler 40M Wolfsburg PSG
38%
37 Hernan Crespo 56.8M Parma Lazio
36%
92 Paulo Dybala 40M Palermo Juventus
36%
63 Andriy Shevchenko 43.3M AC Milan Chelsea
34%
76 Corentin Tolisso 41.5M Lyon Bayern Munich
34%
67 Juan Sebastian Veron 42.6M Lazio Manchester United
34%
69 Leonardo Bonucci 42M Juventus AC Milan
34%
66 Robinho 43M Real Madrid Manchester City
34%
13 Virgil Van Dijk 78.8M Southampton Liverpool
33%
99 David Villa 40M Valencia Barcelona
31%
21 Diego Costa 66M Chelsea Atletico Madrid
31%
83 Douglas Costa 40M Bayern Munich Juventus
31%
75 Rui Costa 42M Fiorentina AC Milan
31%
81 Andy Carroll 41M Newcastle Liverpool
30%
57 Granit Xhaka 45M Borussia Monchengladbach Arsenal
30%
74 Javier Pastore 42M Palermo PSG
29%
53 Christian Vieri 46.5M Lazio Internazionale Milano
27%
71 Henrikh Mkhitaryan 42M Borussia Dortmund Manchester United
27%
2 Kylian Mbappé 135M AS Monaco PSG
26%
95 Lucas Moura 40M Sao Paulo PSG
25%
98 Sergio Aguero 40M Atletico Madrid Manchester City
23%
61 Nemanja Matic 44.7M Chelsea Manchester United
21%
5 Ousmane Dembele 115M Borussia Dortmund Barcelona
21%
26 P-E Aubameyang 63.8M Borussia Dortmund Arsenal
20%
45 Fabinho 50M AS Monaco Liverpool
18%
50 Gaizka Mendieta 48M Valencia Lazio
18%
86 Ederson 40M Benfica Manchester City
17%
77 Lilian Thuram 41.5M Parma Juventus
17%
33 Fred 59M Shakhtar Donetsk Manchester United
16%
90 Joao Mario 40M Sporting Lisbon Internazionale Milano
16%
39 John Stones 55.6M Everton Manchester City
16%
47 Alex Teixeira 50M Shakhtar Donetsk Jiangsu Suning
14%
97 Axel Witsel 40M Porto Zenit
13%
20 Riyad Mahrez 67.8M Leicester City Manchester City
12%
23 Aymeric Laporte 65M Athletic Bilbao Manchester City
11%
18 Thomas Lemar 70M Monaco Atletico Madrid
11%
84 Federico Bernardeschi 40M Fiorentina Juventus
10%
82 Joao Cancelo 40.4M Valencia Juventus
8%
87 Tiemoue Bakayoko 40M AS Monaco Chelsea
8%
62 Nicolas Otamendi 44.6M Valencia Manchester City
7%
56 Vinicius 45M Flamengo Real Madrid
6%
29 Naby Keïta 60M RB Leipzig Liverpool
5%
55 Rodrygo 45M Santos Real Madrid
5%
79 Shkodran Mustafi 41M Valencia Arsenal
5%
52 Christian Benteke 46.5M Aston Villa Liverpool
3%
49 Gylfi Sigurdsson 49.4M Swansea Everton
1%
36 Jorginho 57M Napoli Chelsea
1%
85 Cédric Bakambu 40M Villarreal BJ Sinobu Guaon
0%
No matching quizzes found
Score Distribution
Percent of People with Each Score
Percentile by Number Answered
Your Score History
You have not taken this quiz since the last reset